000 00880nam a2200265Ia 4500
003 OSt
005 20220918165859.0
006 a|||||r|||| 00| 0
007 ta
008 220917b |||||||| |||| 00| 0 eng d
020 _a8177021419 (hbk)
_c3600
024 _a233,519
037 _b1732, 20/03/2008, Vidyanidhi Prakashan
_cTextual
040 _aARTS
_cARTS
_beng
041 _2eng
_aeng
082 _aY7:1.2, P7-;1
100 _aMisra Kamal K. Ed.
_925906
245 0 _aTraditional knowledge in contemporary societies
_b challenges and opportunities
260 _aBhopal
_bIndira Gandhi Rashtriya Manav India
_c2007
300 _axix,361p.
_ccm.
490 _aIntangible cultural heritage of India; 5
650 _aSOCIOLOGY
942 _hY7:1.2, P7-;1
_cTEXL
_2CC
999 _c131514
_d131514